00293nam a2200121Ia 4500008004100000100003100041245002400072260003300096300000900129650001100138942000700149999001500156190216s9999||||xx |||||||||||||| ||und|| aPadey Sn & Trivedi P S 0aText Book Of Botany bVikas Publishing Housec1977 a531p aBotany cBK c1373d1373